Villes en un emoji par IA - Clic Quiz - Statistiques

Statistiques générales
  • Ce quiz a été pris 383 fois
  • Le résultat moyen est 18 sur 30
Statistiques - réponses
Hint Réponse % Correct
Londres
87%
Venise
87%
Paris
85%
Sydney
82%
Dubaï
80%
Amsterdam
79%
Athènes
78%
Barcelone
78%
Marrakech
76%
Tokyo
75%
Pékin
74%
Rio de Janeiro
74%
Moscou
71%
Bangkok
67%
Istanbul
63%
New York
62%
Miami
59%
Rome
53%
Marseille
52%
Copenhague
49%
Saint-Pétersbourg
47%
Seattle
45%
Dubrovnik
44%
Berlin
42%
Toronto
40%
Le Cap
37%
Los Angeles
36%
Bakou
27%
Madrid
26%
Chicago
18%
Aucun quiz correspondant
Distribution des résultats
% des personnes avec chaque résultat
Percentile par nombre de réponses
Votre historique - résultats
Vous n’avez pas pris ce quiz